Wybierz kluby Beckhama - nagła śmierć - Statystyki

Ogólne statystyki
  • Ten quiz został rozwiązany 184 razy
  • Średni wynik to 5 z 6
Answers on the Grid
Answers color-coded by a green-red scale on the quiz's grid according to % correct below.
 
Statystyki odpowiedzi
Odpowiedź % Poprawnych
96%
92%
87%
74%
73%
64%
Nie znaleziono quizów pasujących do podanych kryteriów
Rozkład punktacji
Procent ludzi z każdym wynikiem
Percentyl według liczby udzielonych odpowiedzi
Twoja historia wyników
Nie rozwiązałeś tego quizu